Logo BPK

Biblioteka

Politechniki Koszalińskiej

Ekonometria w zadaniach i ćwiczeniach dla studiów ekonomicznych, zaocznych i wieczorowych / (Rekord nr 43423)

Szczegóły MARC
000 -ETYKIETA REKORDU
podpole kontrolne o stałej długości 01128nam a2200313 i 4500
001 - NUMER KONTROLNY REKORDU
pole kontrolne bg
003 - IDENTYFIKATOR NUMERU KONTROLNEGO REKORDU
podpole kontrolne BPK
005 - DATA OSTATNIEJ MODYFIKACJI REKORDU
podpole kontrolne 20191223134931.0
008 - POLE O STAŁEJ DŁUGOŚCI - DANE KONTROLNE
podpole kontrolne o stałej długości 030304s2003 pl a f f |001 0 pol
015 ## - NUMER BIBLIOGRAFII NARODOWEJ
Numer bibliografii narodowej PB 2003/4058
020 ## - MIĘDZYNARODOWY ZNORMALIZOWANY NUMER KSIĄŻKI - ISBN
ISBN 8372250898
040 ## - ŹRÓDŁO KATALOGOWANIA
Instytucja, która sporządziła opis WA N
Instytucja, która utworzyła rekord BPK
041 0# - KOD JĘZYKA
Kod języka tekstu pol
080 ## - UNIWERSALNA KLASYFIKACJA DZIESIĘTNA - UKD
UKD 330.43
080 ## - UNIWERSALNA KLASYFIKACJA DZIESIĘTNA - UKD
UKD (075.8)
100 1# - NAZWA OSOBOWA
Nazwa osobowa Marcinkowska-Lewandowska, Wanda.
245 10 - TYTUŁ/ODPOWIEDZIALNOŚĆ
Tytuł Ekonometria w zadaniach i ćwiczeniach dla studiów ekonomicznych, zaocznych i wieczorowych /
Pozostałe elementy strefy tytułu i oznaczenia odpowiedzialności Wanda Marcinkowska-Lewandowska, Joanna Plebaniak, Maria Podgórska.
250 ## - STREFA WYDANIA
Oznaczenie wydania Wyd. 3.
260 ## - STREFA ADRESU WYDAWNICZEGO
Miejsce wydania Warszawa :
Nazwa wydawcy/dystrybutora Szkoła Główna Handlowa. Oficyna Wydawnicza,
Data publikacji, dystrybucji/powstania dokumentu 2003.
300 ## - STREFA OPISU FIZYCZNEGO
Objętość 231, [1] s. :
Inne cechy fizyczne il. ;
Rozmiary 24 cm.
504 ## - UWAGA DOTYCZĄCA BIBLIOGRAFII
Informacje o bibliografii Bibliogr. Indeks.
655 #4 - TERMIN INDEKSOWY - OKREŚLENIE RODZAJU/FORMY DOKUMENTU
Określenie rodzaju/formy dokumentu Podręczniki akademickie
650 #4 - HASŁO PRZEDMIOTOWE W FORMIE NAZWY OGÓLNEJ LUB JEDNOSTKOWEJ
Nazwa ogólna lub geograficzna Ekonometria
700 1# - HASŁO DODATKOWE - NAZWA OSOBOWA
Nazwa osobowa Plebaniak, Joanna.
710 2# - HASŁO DODATKOWE - NAZWA CIAŁA ZBIOROWEGO
Nazwa ciała zbiorowego lub jednostki geograficznej Szkoła Główna Handlowa w Warszawie.
Nazwa jednostki podrzędnej Oficyna Wydawnicza.
Kod określenia powiązania pbl.
700 1# - HASŁO DODATKOWE - NAZWA OSOBOWA
Nazwa osobowa Podgórska, Maria
Określenie związku między hasłem a opisywanym materiałem Autor
856 41 - LOKALIZACJA I DOSTĘP DO ELEKTRONICZNYCH DOKUMENTÓW ZDALNYCH
Link (URL) http://koha.tu.koszalin.pl/cgi-bin/koha/opac-detail.pl?biblionumber=43423
Tekst linku Katalog online BPK
942 ## - DODATKOWE ELEMENTY (KOHA)
Schemat klasyfikacji Uniwersalna Klasyfikacja Dziesiętna
Typ dokumentu Książka
Egzemplarze
Wycofany Status egzemplarza Uszkodzony Dostępność Lokalizacja stała Lokalizacja bieżąca Miejsce przechowywania Sygnatura Kod kreskowy Dział Typ dokumentu Ostatnio wypożyczono
      Tylko na miejscu Biblioteka Politechniki Koszalińskiej Biblioteka Politechniki Koszalińskiej Czytelnia BG 69006 02048932 330.4 Ekonometria Książka  
      Tylko na miejscu Biblioteka Politechniki Koszalińskiej Biblioteka Politechniki Koszalińskiej Czytelnia Wydziałowa ul. Kwiatkowskiego 6e 69007 02048925 330.43 Ekonometria Książka  
      Dostępny Biblioteka Politechniki Koszalińskiej Biblioteka Politechniki Koszalińskiej Wypożyczalnia BG 69008 02048918   Książka 02.10.2015
      Dostępny Biblioteka Politechniki Koszalińskiej Biblioteka Politechniki Koszalińskiej Wypożyczalnia BG 69009 02048901   Książka  
      Dostępny Biblioteka Politechniki Koszalińskiej Biblioteka Politechniki Koszalińskiej Wypożyczalnia BG 69010 02048895   Książka  
© 2023 Biblioteka Politechniki Koszalińskiej :: KOHA